Ανάπτυξη ηγετικών στελεχών στην εκπαίδευση : ο ρόλος της επιμόρφωσης και της δια βίου μάθησης ; μελέτη περίπτωσης ; διπλωματική εργασία [μεταπτυχιακή εργασία]

Αποθηκεύτηκε σε:
Λεπτομέρειες βιβλιογραφικής εγγραφής
Κύριος συγγραφέας: Διακίδη-Κώστα, Αικατερίνη
Συγγραφή απο Οργανισμό/Αρχή: Πανεπιστήμιο Αιγαίου Σχολή Ανθρωπιστικών Επιστημών Τμήμα Επιστημών της Προσχολικής Αγωγής και του Εκπαιδευτικού Σχεδιασμού Πρόγραμμα Μεταπτυχιακών Σπουδών Φύλο και Νέα Εκπαιδευτικά και Εργασιακά Περιβάλλοντα στην Κοινωνία της Πληροφορίας
Μορφή: Thesis Βιβλίο
Γλώσσα:Greek
Δημοσίευση: 2015.
Θέματα:
Διαθέσιμο Online:http://hdl.handle.net/11610/13906
Ετικέτες: Προσθήκη ετικέτας
Δεν υπάρχουν, Καταχωρήστε ετικέτα πρώτοι!

MARC

LEADER 00000cam a2200000 a 4500
001 1/108532
008 150910s2015####gr | ||| |||| ||gre||
040 |a GR-MyUa  |b gre  |c GR-MyUa  |e AACR2 
041 0 |a gre 
082 7 |a 371.2   |2 (23) 
100 1 |a Διακίδη-Κώστα, Αικατερίνη. 
245 1 0 |a Ανάπτυξη ηγετικών στελεχών στην εκπαίδευση :   |b ο ρόλος της επιμόρφωσης και της δια βίου μάθησης ; μελέτη περίπτωσης ; διπλωματική εργασία [μεταπτυχιακή εργασία] /   |c Διακίδη-Κώστα Αικατερίνη ; επιβλέπων καθηγητής Γουβιάς Διονύσης.  
260 |c 2015.  
300 |a 177 σ. ;   |c 30 εκ.  
502 |a Διατριβή (μεταπτυχιακή) – Πανεπιστήμιο Αιγαίου, Ρόδος, 2015. 
504 |a Βιβλιογραφία: σ. 167-175.  
506 1 |a Πλήρες κείμενο - Ενδοπανεπιστημιακή δημοσίευση - Κλειδωμένη η δυνατότητα αντιγραφής.  
650 0 |a School principals  |z Greece. 
650 0 |a School management and organization  |z Greece. 
650 0 |a School administrators  |z Greece. 
650 0 |a Teachers  |x Training of  |z Greece. 
650 0 |a Distance education  |z Greece. 
700 1 |a Γουβιάς, Διονύσης Σ.  |e dgs 
710 1 |a Πανεπιστήμιο Αιγαίου   |b Σχολή Ανθρωπιστικών Επιστημών   |b Τμήμα Επιστημών της Προσχολικής Αγωγής και του Εκπαιδευτικού Σχεδιασμού   |b Πρόγραμμα Μεταπτυχιακών Σπουδών Φύλο και Νέα Εκπαιδευτικά και Εργασιακά Περιβάλλοντα στην Κοινωνία της Πληροφορίας. 
852 |a INST  |b RHODES  |c DIATR  |e 20150910  |h 371.2 ΔΙΑ  |p 005400038035  |q 005400038035  |t MTXE  |y 23 
856 |u http://hdl.handle.net/11610/13906 
924 |a Διακίδη-Κώστα   |b Αικατερίνη   |y Ρόδος  |z 2015-07  
970 |z 10-09-2015